| 000 | 00752cam a2200217 4500 | ||
|---|---|---|---|
| 008 | 000000n2001 000 0 eng u | ||
| 020 | _a1859460887 | ||
| 035 | _a(Sirsi) u113286 | ||
| 050 | _a658.404 | ||
| 100 | _aHyams, David | ||
| 245 | _aConstruction companion to briefing. | ||
| 260 |
_aLondon _bRIBA Publications _c2001 |
||
| 300 | _axiv,143p. ; 24cm. | ||
| 350 | _a20.00 | ||
| 490 | _aRIBA Construction Companion Series | ||
| 520 | _aA best practice guide, based on the latest edition of the RIBA Plan of Work, which stresses the importance of briefing to achieve a successful design and meet the client's expectations. | ||
| 650 | _aCONSTRUCTION BRIEFING | ||
| 650 | _aCLIENTS | ||
| 690 |
_aProject management _96261 |
||
| 942 | _n0 | ||
| 999 |
_c101512 _d101512 |
||